Countries of the Americas by History Quiz Stats

 Plays Quiz Updated Mar 17, 2017

Challenge
Share
Tweet
Embed
Score 0/18 Timer 05:00
5 Plays Today
% Correct
In 2012, Hugo Chávez was re-elected to his fourth consecutive term as the president of this country, a position he held from 1999 until his death in 2013Venezuela
92.7%
The UNESCO World Heritage Site of Chichen Itza, a city built by the Mayan civilisation, is located in this countryMexico
88.9%
In 1974, Isabel Martínez de Perón became president of this country after the death of her husband, becoming the first female non-royal head of state in the Western hemisphereArgentina
85.2%
Until 1954, this modern-day country was the only Dutch colony in South AmericaSuriname
74.7%
This modern day country and former British colony was known as British Honduras until 1973Belize
73.6%
The Cold War was a period of sustained political tension between the Soviet Union and this country, at the time the two major global superpowersUnited States
70.5%
This country, often seen as one of the poorer nations in South America, had the third fastest growing economy in the world in 2010, with a growth rate of 14.5%Paraguay
65%
The Iran-Contra affair, during the Reagan administration, involved the funding of an armed opposition group in this country with money raised from the sale of weapons to IranNicaragua
60.8%
In 1967, Argentine-born revolutionary Che Guevara was captured and executed in this countryBolivia
58.1%
% Correct
In 1983, a US-backed invasion, codenamed Operation Urgent Fury, led to the overthrowing of a military government in this countryGrenada
51.5%
Miguel Ydígoras Fuentes, a former president of this country, famously challenged the then president of Mexico to a duel to settle a dispute relating to fishing boundariesGuatemala
44.7%
Although no definitive site has been identified, this country is usually credited as the location of Columbus' first landfall in the AmericasBahamas
40.5%
In 1804, this country became the second independent nation in the Americas, after the United StatesHaiti
39.8%
This country permanently abolished its army in 1949Costa Rica
38.2%
The short-lived West Indies Federation, a coalition of Caribbean colonies formed as an attempt at gaining independence from Britain, had its capital in this countryTrinidad & Tobago
34.3%
This modern day country was claimed for the British crown in 1624 with the arrival of the ship the Olive Blossom on its shoresBarbados
24.3%
In 1838, this modern day country became the first British colony to have a legislature controlled by a black majorityDominica
23.1%
Until 1719, when it was captured by French settlers, this modern day country's main island, formerly Hairouna, was a refuge for escaped African slavesSaint Vincent and the Grenadines
17.4%

You're not logged in!

Compare scores with friends on all Sporcle quizzes.
OR
Log In

You Might Also Like...

Show Comments

Extras

Top Quizzes Today


Score Distribution

Your Account Isn't Verified!

In order to create a playlist on Sporcle, you need to verify the email address you used during registration. Go to your Sporcle Settings to finish the process.

Report this User

Report this user for behavior that violates our Community Guidelines.

Details: